LEADER 01592nam a2200325 4500 001 000000346566 003 CaOOAMICUS 005 20210617094629.0 008 210611s2017 it a 000 u ita r 020 $a978-88-04-67665-2 040 $aSeMil$bita 100 1 $aWachsmann, Nikolaus.$0(OLS)http://semarc/name/114094 240 10$aKL.$0(OLS)http://semarc/title/435763 245 10$aKL :$bstoria dei campi di concentramento nazisti /$cNikolaus Wachsmann ; traduzione di Sara Crimi, Francesco Peri e Laura Tasso. 264 1$aMilano :$bMondadori,$c2017. 300 $a882 p., [16] c. di tav. :$bill. ;$c23 cm 490 1 $aOscar storia ;$v6 650 4$aGuerra mondiale <1939-1945> - Campi di concentramento - Prigionieri di guerra.$0(OLS)http://semarc/subject/31021 650 4$aCampi di concentramento - Guerra mondiale - 1939-1945.$0(OLS)http://semarc/subject/26306 700 1 $aCrimi, Sara,$d<1974- >.$0(OLS)http://semarc/name/114095 700 1 $aPeri, Francesco,$d<1980- >.$0(OLS)http://semarc/name/114096 700 1 $aTasso, Laura.$0(OLS)http://semarc/name/42025 830 0$aOscar storia ;$v6.$0(OLS)http://semarc/title/13004 850 $aSeMil 852 $aSeMil$W1$xVenegono$y1$m3V III 267$j227423$B237651$CSeMilBibl$Z2$F237651 $81 961 $aBrambilla don Paolo - Omaggio 996 $6020$a978-88-04-67665-2$9(OLS)http://semarc/number/293460 996 $6245$aKL :$bstoria dei campi di concentramento nazisti$9(OLS)http://semarc/title/435764 996 $6264$aMilano :$bMondadori$9(OLS)http://semarc/publisher/30335 LEADER 01085nam a2200253 i 4500 001 000000071583 003 CaOOAMICUS 005 20081210000000.0 008 081210s1970 it u000 u ita u 013 $a42755 040 $aSeMil$bita 100 1 $aMoore, George Edward,$d<1873-1958>.$0(OLS)http://semarc/name/35544 240 10$aPhilosophical papers.$0(OLS)http://semarc/title/39008 245 10$aSaggi filosofici /$cGeorge Edward Moore ; [trad. di Massimo A. Bonfantini]. 260 $aMilano :$bLampugnani Nigri,$c1970. 300 $aXL, 360 p. ;$c23 cm. 490 0 $aSaggi ;$v10 650 4$aMoore, George Edward <1873-1958> - Pensiero filosofico.$0(OLS)http://semarc/subject/14332 700 1 $aBonfantini, Massimo A.,$d<1942- >.$0(OLS)http://semarc/name/32828 830 0$aSaggi ;$v10.$0(OLS)http://semarc/title/341 850 $aSeMil 852 $aSeMil$W1$xVenegono$y1$m2P IV 295$j37736$B37736$CSeMilBibl$Z2$F37739 $81 996 $6245$aSaggi filosofici$9(OLS)http://semarc/title/13182 996 $6260$aMilano :$bLampugnani Nigri$9(OLS)http://semarc/publisher/32373